[Event "Dortmund-ch"]
[Site "Dortmund"]
[Date "2005.03.15"]
[Round "8"]
[White "Wiemann, Peter"]
[Black "Schrimpl, Michael"]
[Result "1-0"]
[WhiteElo "1581"]
[BlackElo "1414"]
[PlyCount "45"]
[EventDate "2005.02.28"]
[EventType "swiss"]
[EventRounds "9"]
[EventCountry "GER"]
[SourceTitle "CBM 105 Extra"]
[Source "ChessBase"]
[SourceDate "2005.05.01"]
[SourceVersion "1"]
[SourceVersionDate "2005.05.01"]
[SourceQuality "1"]

1. e4 c6 2. c3 d5 3. exd5 cxd5 4. d4 Nc6 5. Bd3 Nf6 6. Bf4 e6 7. Nf3 a6 8. Nbd2 Be7 9. 0-0 0-0 10. Ne5 Nxe5 11. dxe5 Nd7 12. Nb3 Re8 13. Re1 Nf8 14. Re3 Bg5 15. Qg4 Bxf4 16. Qxf4 Ng6 17. Qd4 Qg5 18. Bxg6 Qxg6 19. Rc1 Qg5 20. c4 dxc4 21. Qxc4 b5 22. Qc6 Qd8 23. Qxa8 1-0

[Event "Dortmund-ch"]
[Site "Dortmund"]
[Date "2005.03.10"]
[Round "6"]
[White "Wiemann, Peter"]
[Black "Mueller, Siegfried"]
[Result "0-1"]
[WhiteElo "1581"]
[BlackElo "1434"]
[PlyCount "56"]
[EventDate "2005.02.28"]
[EventType "swiss"]
[EventRounds "9"]
[EventCountry "GER"]
[SourceTitle "CBM 105 Extra"]
[Source "ChessBase"]
[SourceDate "2005.05.01"]
[SourceVersion "1"]
[SourceVersionDate "2005.05.01"]
[SourceQuality "1"]

1. e4 c5 2. Nf3 Nc6 3. d4 cxd4 4. Nxd4 Nf6 5. Nc3 e6 6. a3 Be7 7. f4 d6 8. Bc4 a6 9. Be3 0-0 10. 0-0 Qc7 11. Ba2 Re8 12. Qf3 Bd7 13. Rad1 Nxd4 14. Bxd4 e5 15. Be3 Bg4 16. Qf2 Bxd1 17. Rxd1 Ng4 18. Qf3 Nxe3 19. Qxe3 Rac8 20. Bb3 Qc5 21. Qxc5 Rxc5 22. fxe5 Rxe5 23. Bd5 b6 24. Rf1 Bf6 25. Bb7 Rc5 26. Na4 Rxc2 27. Bd5 Rec8 28. Nxb6 Bd4+ 0-1

[Event "Dortmund-ch"]
[Site "Dortmund"]
[Date "2005.03.03"]
[Round "3"]
[White "Wiemann, Peter"]
[Black "Gegner, Michael"]
[Result "1-0"]
[WhiteElo "1581"]
[BlackElo "1397"]
[PlyCount "61"]
[EventDate "2005.02.28"]
[EventType "swiss"]
[EventRounds "9"]
[EventCountry "GER"]
[SourceTitle "CBM 105 Extra"]
[Source "ChessBase"]
[SourceDate "2005.05.01"]
[SourceVersion "1"]
[SourceVersionDate "2005.05.01"]
[SourceQuality "1"]

1. e4 e6 2. Nf3 d5 3. exd5 exd5 4. d4 Nf6 5. Bg5 Bd6 6. Nc3 c6 7. Qd2 Bf5 8. 0-0-0 0-0 9. Bd3 Bxd3 10. Qxd3 Nbd7 11. Nd2 Qc7 12. h4 b5 13. a3 a5 14. Qf3 b4 15. Ncb1 Qb6 16. Nf1 Rfb8 17. a4 c5 18. Ne3 b3 19. c3 Qc6 20. dxc5 Bxc5 21. Nxd5 Nxd5 22. Qxd5 Qg6 23. Rd2 Ra7 24. h5 Qb6 25. Rh3 Re8 26. Rf3 Ne5 27. Rf5 Rd7 28. Rxe5 Rxd5 29. Rxe8+ Bf8 30. Rxd5 Qxf2 31. Rxf8+ 1-0

[Event "Dortmund ABC Serie B-22"]
[Site "Dortmund"]
[Date "2004.11.05"]
[Round "7"]
[White "Bommert, Christian"]
[Black "Wiemann, Peter"]
[Result "1/2-1/2"]
[WhiteElo "1581"]
[BlackElo "1555"]
[PlyCount "36"]
[EventDate "2004.10.07"]
[EventType "tourn"]
[EventRounds "13"]
[EventCountry "GER"]
[SourceTitle "EXT 2006"]
[Source "ChessBase"]
[SourceDate "2005.11.24"]
[SourceVersion "1"]
[SourceVersionDate "2005.11.24"]
[SourceQuality "1"]

1. e4 c5 2. d3 Nc6 3. g3 g6 4. Bg2 Bg7 5. f4 d6 6. Nf3 e6 7. c3 Nge7 8. 0-0 Qb6 9. Qe2 0-0 10. Na3 a6 11. Be3 Qc7 12. Nc2 e5 13. Nh4 f5 14. Rad1 Be6 15. a3 Rad8 16. Nf3 Na5 17. Ng5 Bc8 18. Rf2 Nac6 1/2-1/2

[Event "Dortmund ABC Serie B-22"]
[Site "Dortmund"]
[Date "2004.10.15"]
[Round "3"]
[White "Schlagbaum, Christoph"]
[Black "Wiemann, Peter"]
[Result "1-0"]
[WhiteElo "1685"]
[BlackElo "1555"]
[PlyCount "68"]
[EventDate "2004.10.07"]
[EventType "tourn"]
[EventRounds "13"]
[EventCountry "GER"]
[SourceTitle "EXT 2006"]
[Source "ChessBase"]
[SourceDate "2005.11.24"]
[SourceVersion "1"]
[SourceVersionDate "2005.11.24"]
[SourceQuality "1"]

1. e4 c5 2. c4 e6 3. Nc3 Nc6 4. g3 Nf6 5. Bg2 Be7 6. Nge2 d6 7. d3 0-0 8. 0-0 Nd7 9. b3 Nde5 10. f4 Ng6 11. Bb2 f5 12. Qd2 a6 13. Rad1 Nd4 14. exf5 Nxf5 15. d4 cxd4 16. Nxd4 Qb6 17. Na4 Qa7 18. Kh1 e5 19. Bd5+ Kh8 20. fxe5 dxe5 21. Nxf5 Bxf5 22. Qe2 Rae8 23. Nc3 Bh3 24. Bg2 Bxg2+ 25. Kxg2 Bc5 26. Ne4 Bd4 27. Ba3 Rxf1 28. Rxf1 Kg8 29. Nd6 Rb8 30. Qe4 Qa8 31. Qd5+ Kh8 32. Nf7+ Kg8 33. Nh6+ Kh8 34. Qg8+ Rxg8 1-0

[Event "Dortmund8"]
[Site "Dortmund"]
[Date "2003.11.05"]
[Round "12"]
[White "Wiemann, Peter"]
[Black "Voeller, Lothar"]
[Result "1-0"]
[WhiteElo "1563"]
[BlackElo "1590"]
[PlyCount "115"]
[EventDate "2003.10.08"]
[EventType "tourn"]
[EventRounds "13"]
[EventCountry "GER"]
[SourceTitle "EXT 2007"]
[Source "ChessBase"]
[SourceDate "2006.11.23"]
[SourceVersion "1"]
[SourceVersionDate "2006.11.23"]
[SourceQuality "1"]

1. e4 e5 2. Nf3 Nc6 3. Nc3 Nf6 4. d4 exd4 5. Nxd4 d6 6. Be2 Be7 7. Be3 0-0 8. f3 Ne8 9. Qd2 f5 10. Bc4+ Kh8 11. Ne6 Bxe6 12. Bxe6 f4 13. Bxf4 Nf6 14. Be3 Nh5 15. f4 a6 16. g3 Rb8 17. 0-0-0 b5 18. Qe2 Qe8 19. Nd5 Bd8 20. Qg4 Nf6 21. Nxf6 Bxf6 22. Bd5 Nb4 23. Qf3 Nxd5 24. Rxd5 Qc6 25. Bd4 Qc4 26. Bxf6 Rxf6 27. b3 Qb4 28. Kb2 Re8 29. c3 Qxe4 30. Qxe4 Rxe4 31. Rhd1 h6 32. Ka3 Re2 33. R1d2 Rfe6 34. Kb4 c6 35. Rxd6 Rxd6 36. Rxe2 Kh7 37. Kc5 Rf6 38. Kb6 g5 39. fxg5 hxg5 40. Kxa6 Kg6 41. Kb6 g4 42. c4 bxc4 43. bxc4 Kg5 44. a4 Rf5 45. c5 Rf3 46. Kxc6 Ra3 47. Kb5 Rb3+ 48. Kc4 Ra3 49. Kb4 Ra1 50. c6 Rc1 51. Re5+ Kf6 52. Rc5 Rb1+ 53. Ka5 Rb8 54. c7 Rc8 55. Kb6 Ke7 56. Rd5 Rh8 57. Kb7 Ke6 58. Rd2 1-0

[Event "Dortmund4"]
[Site "Dortmund"]
[Date "2003.04.12"]
[Round "4"]
[White "Wiemann, Peter"]
[Black "Schneider, Peter"]
[Result "0-1"]
[WhiteElo "1568"]
[BlackElo "1722"]
[PlyCount "88"]
[EventDate "2003.03.28"]
[EventType "tourn"]
[EventRounds "11"]
[EventCountry "GER"]
[SourceTitle "EXT 2007"]
[Source "ChessBase"]
[SourceDate "2006.11.23"]
[SourceVersion "1"]
[SourceVersionDate "2006.11.23"]
[SourceQuality "1"]

1. e4 c5 2. Nf3 Nc6 3. d4 cxd4 4. Nxd4 d6 5. Nc3 Nf6 6. Be2 g6 7. Be3 Bg7 8. f4 0-0 9. Nb3 Bd7 10. Bf3 a6 11. a4 Na5 12. Qd3 Be6 13. Nd5 Nxd5 14. exd5 Bf5 15. Qd2 Nc4 16. Qe2 Nxe3 17. Qxe3 Bxc2 18. Nd4 Qa5+ 19. Kf2 Rac8 20. Rhc1 Bxd4 21. Qxd4 Qc5 22. Qxc5 Rxc5 23. Ra3 Rfc8 24. Re1 R8c7 25. g3 h5 26. b4 Rc4 27. b5 Bxa4 28. bxa6 bxa6 29. Rae3 Kf8 30. Be2 Rc2 31. Kg1 Bb5 32. Bxb5 axb5 33. Rb3 R2c5 34. Rd1 Rb7 35. Rd4 Ra7 36. Rb2 Ra4 37. Rd3 Rac4 38. Kf2 Rc2+ 39. Rxc2 Rxc2+ 40. Kg1 Ke8 41. h3 Kd7 42. Kf1 e6 43. Ke1 exd5 44. Rxd5 Rc5 0-1

[Event "Dortmund ABC Besserkoenner 18th"]
[Site "Dortmund"]
[Date "2002.11.05"]
[Round "6"]
[White "Wagner, Markus"]
[Black "Wiemann, Peter"]
[Result "1-0"]
[WhiteElo "1750"]
[BlackElo "1541"]
[PlyCount "131"]
[EventDate "2002.10.11"]
[EventType "tourn"]
[EventRounds "11"]
[EventCountry "GER"]
[SourceTitle "EXT 2004"]
[Source "ChessBase"]
[SourceDate "2003.11.25"]
[SourceVersion "1"]
[SourceVersionDate "2003.11.25"]
[SourceQuality "1"]

1. d4 f5 2. h3 e6 3. g4 fxg4 4. hxg4 Be7 5. Nf3 Nf6 6. Qd3 d5 7. Nc3 Bb4 8. Bd2 Bxc3 9. bxc3 Ne4 10. Ne5 Qf6 11. f3 Nxd2 12. Qxd2 Nd7 13. g5 Qf8 14. Ng4 Qd6 15. Qd3 Nf8 16. Ne5 b6 17. Kf2 Bb7 18. g6 Qe7 19. a4 h6 20. a5 a6 21. Rh5 Nd7 22. Nf7 Rf8 23. Bh3 Rxf7 24. gxf7+ Qxf7 25. Rh4 Qf6 26. Rg4 g5 27. Rgg1 Nf8 28. Bg4 Ng6 29. Bh5 Kf7 30. Rh1 Rg8 31. Qe3 Ke7 32. Bxg6 Rxg6 33. axb6 cxb6 34. Qe5 Qxe5 35. dxe5 Kf7 36. Ke3 g4 37. Rag1 gxf3 38. exf3 Bc6 39. Rxg6 Kxg6 40. Kf4 Bb5 41. Rg1+ Kf7 42. Kg4 Kg6 43. Kf4+ Kf7 44. Ke3 Ba4 45. Kd3 Bb5+ 46. Kd4 Ba4 47. Rg2 h5 48. c4 dxc4 49. Kxc4 Bc6 50. Kd4 b5 51. Kc5 Bd5 52. Kb6 b4 53. Kxa6 b3 54. cxb3 Bxb3 55. Kb5 Bd5 56. Kc5 Bb7 57. Kd6 Bd5 58. Kc5 Bb7 59. Kd4 h4 60. Ke3 Ba6 61. Rh2 Kg6 62. Rxh4 Bb5 63. Kf4 Bd3 64. Rh8 Bf5 65. Rf8 Bb1 66. Rf6+ 1-0

[Event "Dortmund ABC Besserkoenner 18th"]
[Site "Dortmund"]
[Date "2002.10.30"]
[Round "5"]
[White "Wiemann, Peter"]
[Black "Benke, Werner"]
[Result "0-1"]
[WhiteElo "1541"]
[BlackElo "1620"]
[PlyCount "28"]
[EventDate "2002.10.11"]
[EventType "tourn"]
[EventRounds "11"]
[EventCountry "GER"]
[SourceTitle "EXT 2004"]
[Source "ChessBase"]
[SourceDate "2003.11.25"]
[SourceVersion "1"]
[SourceVersionDate "2003.11.25"]
[SourceQuality "1"]

1. e4 e5 2. Nf3 Nc6 3. Nc3 Nf6 4. d4 exd4 5. Nxd4 Nxd4 6. Qxd4 d6 7. Be2 Be7 8. 0-0 0-0 9. f4 b6 10. Bc4 d5 11. e5 Bc5 12. Be3 Ng4 13. Qd3 Bxe3+ 14. Kh1 Qh4 0-1